| 000 | 00713cab a22001935a 4500 | ||
|---|---|---|---|
| 001 | L154176 | ||
| 008 | 111024e20111021xxkd f 000 0 eng d | ||
| 035 | _a(Sirsi) u154176 | ||
| 041 | 0 | _aeng | |
| 100 | 1 | _aMoone, Brian | |
| 245 | 0 | 0 |
_aLead times _bJuly-September 2011 |
| 260 | _c2011 | ||
| 490 | 0 |
_aBuilding _v276 (8700) 12 October 2011, 50-51(2) |
|
| 520 | _aLead times remain overwhelmingly stable; growth in tower construction in London will affect capacity in steel fabrication, vertical transportation and cladding; summary, staying level and moving up, product lead time in weeks. | ||
| 590 | _aKA | ||
| 651 | 4 |
_aUnited Kingdom _y |
|
| 690 | _aBUILT ENVIRONMENT-CONSTRUCTION MANAGEMENT | ||
| 942 | _n0 | ||
| 999 |
_c83521 _d83521 |
||